000 00537nam a2200169 a 4500
001 000013647
005 20200929163310.0
008 091127s1973 dr c 000 0 spa d
040 _aDO-SdBNP
_bspa
_cBNPHU
082 _axxxx
_bB431p
100 1 _aBelliard Sarubbi, Bolivar
_931067
245 1 0 _aPartrullando con mis ideas /
_cBolivar Belliard Sarubbi ; prólogo Rafael E. Saldaña.
260 _aSanto Domingo :
_b[s.n.],
_c1973.
300 _a90 p. :
_bretr. ;
_c21 cm.
700 1 _aSaldaña, Rafael E.,
_bpról.
_931068
049 _aBNPD
999 _c13261
_d13261